|
|
|
|
| LEADER |
00845nam a2200253 4500 |
| 001 |
c000135441 |
| 003 |
CARM |
| 005 |
00000000000000.0 |
| 008 |
710610s1970 enka b 00100 eng |
| 015 |
|
|
|a B71-04117
|
| 019 |
1 |
|
|a 69415
|z 23879412
|z 57419232
|5 LACONCORD2021
|
| 020 |
|
|
|a 0719520606
|
| 035 |
|
|
|a (OCoLC)143810
|5 LACONCORD2021
|
| 050 |
0 |
0 |
|a TP370
|b .P93
|
| 100 |
1 |
|
|a Pyke, Magnus.
|
| 245 |
1 |
0 |
|a Synthetic food.
|
| 260 |
|
|
|a London,
|b J. Murray,
|c 1970.
|
| 300 |
|
|
|a viii, 145 p.
|b illus.
|c 23 cm.
|
| 504 |
|
|
|a Includes bibliographical references.
|
| 650 |
|
0 |
|a Artificial foods.
|
| 852 |
8 |
|
|b CARM
|h A2:AD30B0
|i B00045
|p 0003282
|f BK
|
| 082 |
0 |
4 |
|a 664
|
| 999 |
f |
f |
|i 23613d75-2f01-5901-a490-7431a8f8aea8
|s f49cc122-d6bd-5932-9542-66fe0feabe91
|
| 952 |
f |
f |
|p Can circulate
|a CAVAL
|b CAVAL
|c CAVAL
|d CARM 1 Store
|e B00045
|f A2:AD30B0
|h Other scheme
|i book
|m 0003282
|